| 000 | 00598nam a2200181Ia 4500 | ||
|---|---|---|---|
| 003 | GCL | ||
| 008 | 140319s9999 xx 000 0 ara d | ||
| 040 |
_aGCL / _cGCL |
||
| 082 | 0 | 4 |
_aم _b413.028 _bا ت |
| 100 | 1 | _aالازهرى، ابومنصور محمد بن احم | |
| 245 | 1 | 0 |
_aتهذيب اللغة / _cالازهرى، ابومنصور محمد بن احم |
| 700 | 1 | _aعبدالسلام محمد هارون | |
| 260 |
_a[S.N] : _bالدار المصرية |
||
| 300 | _a504 ص | ||
| 650 | 0 | 4 | _aاللغة العربية |
| 650 | 0 | 4 | _aالمعاجم العربية |
| 942 |
_2ddc _cREF |
||
| 999 |
_c59358 _d59358 |
||